| Поле | Инд. | ПП | Название | Значение |
|---|---|---|---|---|
| Тип записи | a | |||
| Библиографический уровень | a | |||
| 001 | Контрольный номер | RU/IS/BASE/262109763 | ||
| 005 | Дата корректировки | 20240227171318.9 | ||
| 084 | a | Индекс другой классификации/Индекс ББК | 81в64 | |
| 090 | 00 | a | Полочн. индекс | 81я43 |
| x | Авторский знак | П 781 | ||
| 100 | 10 | a | Автор | Андреев Н. Д. |
| 245 | 00 | a | Заглавие | Моделирование языка на основе системы речи статистико-комбинаторными методами |
| 650 | 04 | a | Основная рубрика | филологические науки; языкознание |
| a | Основная рубрика | общее языкознание | ||
| 653 | 00 | a | Ключевые слова | вероятностные дифференциальные признаки |
| a | Ключевые слова | моделирование языка | ||
| a | Ключевые слова | распределительный словарь | ||
| a | Ключевые слова | речь | ||
| a | Ключевые слова | система речи | ||
| a | Ключевые слова | статистико-комбинаторное меделирование | ||
| a | Ключевые слова | язык | ||
| 773 | 00 | d | Дата издания источника | Москва, 1967 |
| g | Прочая информация | С. 95-97 | ||
| t | Заглавие источника | Проблемы языкознания | ||
| w | Контрольный № источника | RU/IS/BASE/102085341 | ||
| 901 | t | Тип документа | a |